Um porquinho chamado Babe (Registo nº 4174)
[ vista simples ]
| 000 -Etiqueta do registo | |
|---|---|
| Cabeçalho | 00746nam0a2200265 4500 |
| 005 - Identificador da versão | |
| Campo de controlo | 20240813122054.0 |
| 095 ## - | |
| -- | PTBN00949409 |
| 010 ## - Número internacional normalizado dos livros (ISBN) | |
| Número (ISBN) | 9727101364 |
| 021 ## - Número do Depósito Legal | |
| Código do país | PT |
| Número | 100004/96 |
| 100 ## - Dados gerais de processamento | |
| Dados gerais de processamento | 20170119d1996 d y0pory5003 ba |
| 102 ## - Pais de publicação ou produção | |
| País de publicação | Portugal |
| 101 1# - Língua de publicação | |
| Língua do texto, banda sonora, etc. | Português |
| Língua do documento no original | Inglês |
| 215 ## - Descrição física | |
| Indicação específica da natureza do documento e extensão da espécie | 110 p. |
| Outras indicações físicas | il |
| 200 1# - Titulo e menção de responsabilidade | |
| Título próprio | Um porquinho chamado Babe |
| Primeira menção de responsabilidade | Dick King-Smith |
| Outras menções de responsabilidade | il. Mary Rayner |
| 225 1# - Colecção | |
| Título próprio da colecção | Abracadabra |
| Indicação de volume | 6 |
| 210 ## - Publicação, Distribuição, etc. | |
| Lugar da edição, distribuição, etc. | Lisboa |
| Nome do editor, distribuidor, etc. | Terramar |
| Data da publicação, distribuição, etc. | D.L. 1996 |
| 606 ## - Nome comum usado como assunto | |
| Número de registo de entrada de autoridade | 0001536 |
| Palavra de ordem | Literatura inglesa |
| Subdivisão de assunto | Romances de aventuras |
| Código do sistema | CA |
| 675 ## - Classificação Decimal Universal (CDU) | |
| Notação | 821.111-311.3 |
| Edição | 3ª ed. |
| Língua da edição | por |
| 702 #1 - Nome de autor-pessoa física (responsabilidade secundária) | |
| Número de registo de entrada de autoridade | 0000804 |
| Palavra de ordem | Rayner |
| Outra parte do nome não tomada para palavra de ordem | Mary |
| Código de função | Ilustrador / Técnico de desenho computorizado |
| 700 #1 - Nome de autor-pessoa física (responsabilidade principal) | |
| Número de registo de entrada de autoridade | 0000803 |
| Palavra de ordem | King-Smith |
| Outra parte do nome não tomada para palavra de ordem | Dick |
| 966 ## - Identificação da Biblioteca | |
| Sigla | EBVEN |
| 942 ## - Elementos de entrada adicionados (Koha) | |
| Tipo de item no Koha | Livro |
| Situação do levantamento | Origin of item (home branch) (coded) | Biblioteca de empréstimo | Código de barras | Cota | Circulation type (not for loan) | Tipo de documento | Nota do exemplar | Damaged status |
|---|---|---|---|---|---|---|---|---|
| Biblioteca Escolar das Vendas | Biblioteca Escolar das Vendas | BEV104 | 8EST KIN | Livro | Sem mensagem |
